000 01021nam0a2200277 4500
001 RU\NLR\BIBL_A\010461419
005 20250614054658.0
035 _a(NLR Aleph) 010461419
090 _a9978263
_c9978263
100 _a20140911d1964 |||y0rusy50 ca
101 0 _asah
102 _aRU
105 _ay||||||||||||
200 1 _aБиир ынахха икки ньирэйи эмнэрэн иитии
_fН. Ф. Васильев
210 _aЯкутскай
_cСаха сиринээҕи кинигэ изд-вота
_d1964
215 _a21,[2] с.
_d20
225 1 _aБастыҥ опыт
541 1 _aВыращивание телят методом сдвоенного подсоса
_zrus
606 1 _aТелята
_xВыращивание
_91750824
_3RU\NLR\AUTH\661079925
686 1 _aП61-3
686 1 _aУ9(2)32
700 1 _aВасильев
_bН.Ф.
_f1916-
_gНиколай Федорович
_4070
852 _aNLR
_bОНЛ
_jЯкут./2-1495
942 _cBOOK
980 _aNB